000 00741 a2200229 4500
999 _c7701
_d7701
020 _a9781844453559 (pbk.)
020 _a1844453553 (pbk.)
050 0 0 _aHV8195WAD2010
100 1 _aWaddington, P. A. J.
245 1 0 _aWhat is policing? /
_cP.A.J. Waddington, Martin Wright.
264 _blearning matters,
_c2010
300 _av, 112 p. :
_bill. ;
500 _aincludes index
504 _aIncludes bibliographical references and index.
650 0 _aPolice
650 0 _aPolice-community relations.
650 0 _aPolice psychology.
650 0 _aPolice
_xJob descriptions
700 1 _aWright, Martin,
_cDr.
942 _2lcc
_cBK
_h8195
_iWAD
_kHV